7-Letter European Countries Quiz Stats

 Plays Quiz Updated Aug 18, 2017

Also try: 7-Letter Countries
Challenge
Share
Tweet
Embed
Score 0/17 Timer 03:00
1 Play Today
% Correct
Germany
94.4%
Finland
88.6%
Ireland
86.7%
Denmark
83.2%
Belgium
82.5%
Iceland
80%
Austria
78.7%
Hungary
78.1%
Estonia
76.8%
% Correct
Croatia
74%
Ukraine
72.4%
Romania
70.7%
Belarus
69.2%
Andorra
68.3%
Albania
66.7%
Moldova
61%
Czechia
52.6%

You're not logged in!

Compare scores with friends on all Sporcle quizzes.
Join for Free
OR
Log In

You Might Also Like...

Show Comments

Extras

Top Quizzes Today


Score Distribution

Your Account Isn't Verified!

In order to create a playlist on Sporcle, you need to verify the email address you used during registration. Go to your Sporcle Settings to finish the process.

Report this User

Report this user for behavior that violates our Community Guidelines.

Details: